Szczegóły MARC21

Wolność wypowiedzi versus wolność religijna : studium z zakresu prawa konstytucyjnego, karnego i cywilnego /

003 -Nazwa inst., której nr kontr. jest w polu 001 [,]
    • @
    • Nazwa instytucji, której n kontrolny jest w polu 001
    • NUKAT
005 -DATA I CZAS OSTATNIEJ MODYFIKACJI [,]
    • @
    • pole kontrolne
    • 20250826101831.0
020 -Międzynarod. znormalizowany nr książki - ISBN [ , ]
    • a
    • Numer ISBN
    • 9788325580377 Find
020 -Międzynarod. znormalizowany nr książki - ISBN [ , ]
    • a
    • Numer ISBN
    • 9788325580384 Find
    • q
    • Dopowiedzenie
    • e-book
040 -Instytucja sporządzająca opis [ , ]
    • a
    • Instytucja, która sporządziła opis (NP)
    • WA U/91UKP
    • c
    • Instytucja, która sporządziła rekord (NP)
    • WA U/UKP
    • d
    • Instytucja, która zmodyfikowała rekord (P)
    • WA U/EAD
    • d
    • Instytucja, która zmodyfikowała rekord (P)
    • WR U/PAdjm
    • d
    • Instytucja, która zmodyfikowała rekord (P)
    • WA U/OSZs
    • d
    • Instytucja, która zmodyfikowała rekord (P)
    • TOR U/WS
041 -Język dokumentu [0, ]
    • a
    • Język tekstu (P)
    • polski
    • b
    • Język streszczeń lub abstraktu (P)
    • angielski
942 -Rodzaj dokumentu [ , ]
    • c
    • Rodzaj dokumentu
    • Książka
100 -Hasło główne - nazwa osobowa [1, ]
    • a
    • Nazwa osobowa (NP)
    • Biłgorajski, Artur
    • d
    • Daty biograficzne (NP)
    • (1983- ).
    • 9
    • KHW
    • 53674
245 -Strefa tytułu i oznaczenia odpowiedzialności [1,0]
    • a
    • Tytuł
    • Wolność wypowiedzi versus wolność religijna : Find
    • b
    • Ciąg dalszy tytułu (NP)
    • studium z zakresu prawa konstytucyjnego, karnego i cywilnego / Find
    • c
    • Pozostałe elementy strefy tytułu i oznaczenia odpowiedzialności (NP)
    • redaktor naukowy: Artur Biłgorajski ; autorzy: Artur Biłgorajski, Łukasz Chojniak, Anna Chorążewska, Jakub Dąbrowski, Anna Demenko, Monika Florczak-Wątor, Wiesław Greń, Anna Kalisz, Damian Malinowski, Jan Podkowik, Jacek Potulski, Jacek Sadomski, Olga Sitarz, Mariusz Śladkowski, Sławomir Tkacz, Piotr Wasilewski.
260 -Strefa adresu wydawniczego [ , ]
    • a
    • Miejsce wydania (P)
    • Warszawa :
    • b
    • Nazwa wydawcy (P)
    • Wydawnictwo C. H. Beck,
    • c
    • Data wydania (P)
    • 2015.
300 -Strefa opisu fizycznego [ , ]
    • a
    • Określenie formy książki i/lub objętość (NP)
    • XXXI, [1], 286 s. ;
    • c
    • Format (NP)
    • 21 cm.
336 -Typ zawartości [ , ]
    • a
    • Termin opisujący typ zawartości
    • Tekst
    • b
    • Kod określający zawartość
    • txt
    • 2
    • Źródło (terminu i kodu)
    • rdacontent
337 -Typ mediów [ , ]
    • a
    • Tryb odtwarzania
    • Bez urządzenia pośredniczącego
    • b
    • Kod typu mediów
    • n
    • 2
    • Źródło (terminu i kodu)
    • rdamedia
338 -Typ/rodzaj nośnika [ , ]
    • a
    • Hasło opisujące typ nośnika
    • Wolumin
    • b
    • Kod typu nośnika
    • nc
    • 2
    • Źródło (terminu i kodu)
    • rdacarrier
490 -Strefa serii i książki wielotomowej - forma nie do wyszukiwania [1, ]
    • a
    • Tytuł (P)
    • Monografie Prawnicze Find
830 -Hasło dodatkowe serii i opisu książki wielotomowej - tytuł ujednolicony/tytuł [ ,0]
    • a
    • Tytuł ujednolicony/tytuł (NP)
    • Monografie Prawnicze
    • 9
    • KHW
    • 799
504 -Uwaga dot. bibliogr. załącznikowej [ , ]
    • a
    • Uwaga dot. bibliografii załącznikowej
    • Bibliogr. s. XI-XXII.
504 -Uwaga dot. bibliogr. załącznikowej [ , ]
    • a
    • Uwaga dot. bibliografii załącznikowej
    • Wykaz orzecznictwa s. XXIII-XXVII.
530 -Uwaga dot. innej postaci fizycznej dokumentu [ , ]
    • a
    • Uwaga dot. innej postaci fizycznej dokumentu
    • Dostępne również w formie elektronicznej.
546 -Uwaga dot. języka [ , ]
    • a
    • Uwaga dot. języka
    • Streszcz. art. w ang.
650 -Hasło przedmiotowe [ ,7]
    • a
    • Hasło przedmiotowe
    • Wolność religijna
    • v
    • Określnik formalny
    • studium przypadku.
    • 2
    • Źródło terminu
    • kaba
    • 9
    • KHW
    • 390503
650 -Hasło przedmiotowe [ ,7]
    • a
    • Hasło przedmiotowe
    • Wolność słowa
    • v
    • Określnik formalny
    • studium przypadku.
    • 2
    • Źródło terminu
    • kaba
    • 9
    • KHW
    • 390502
650 -Hasło przedmiotowe [ ,7]
    • a
    • Hasło przedmiotowe
    • Wolność słowa
    • x
    • Określnik rzeczowy
    • prawo.
    • 2
    • Źródło terminu
    • kaba
    • 9
    • KHW
    • 350076
650 -Hasło przedmiotowe [ ,7]
    • a
    • Hasło przedmiotowe
    • Wolność religijna.
    • 2
    • Źródło terminu
    • kaba
    • 9
    • KHW
    • 136327
700 -Hasło dodatkowe - nazwa osobowa [1, ]
    • a
    • Nazwa osobowa (NP)
    • Chojniak, Łukasz. Find
    • 9
    • KHW
    • 29076
700 -Hasło dodatkowe - nazwa osobowa [1, ]
    • a
    • Nazwa osobowa (NP)
    • Chorążewska, Anna. Find
    • 9
    • KHW
    • 96040
700 -Hasło dodatkowe - nazwa osobowa [1, ]
    • a
    • Nazwa osobowa (NP)
    • Dąbrowski, Jakub Find
    • d
    • Daty biograficzne (NP)
    • (1977- ).
    • 9
    • KHW
    • 96044
700 -Hasło dodatkowe - nazwa osobowa [1, ]
    • a
    • Nazwa osobowa (NP)
    • Demenko, Anna. Find
    • 9
    • KHW
    • 65448
700 -Hasło dodatkowe - nazwa osobowa [1, ]
    • a
    • Nazwa osobowa (NP)
    • Florczak-Wątor, Monika Find
    • d
    • Daty biograficzne (NP)
    • (1977- ).
    • 9
    • KHW
    • 11614
700 -Hasło dodatkowe - nazwa osobowa [1, ]
    • a
    • Nazwa osobowa (NP)
    • Greń, Wiesław Find
    • d
    • Daty biograficzne (NP)
    • (1972- ).
    • 9
    • KHW
    • 96041
700 -Hasło dodatkowe - nazwa osobowa [1, ]
    • a
    • Nazwa osobowa (NP)
    • Kalisz, Anna Find
    • c
    • Dopowiedzenie inne niż daty biograficzne (NP)
    • (prawa człowieka).
    • 9
    • KHW
    • 69806
700 -Hasło dodatkowe - nazwa osobowa [1, ]
    • a
    • Nazwa osobowa (NP)
    • Malinowski, Damian. Find
    • 9
    • KHW
    • 96042
700 -Hasło dodatkowe - nazwa osobowa [1, ]
    • a
    • Nazwa osobowa (NP)
    • Podkowik, Jan Find
    • d
    • Daty biograficzne (NP)
    • (1985- ).
    • 9
    • KHW
    • 96039
700 -Hasło dodatkowe - nazwa osobowa [1, ]
    • a
    • Nazwa osobowa (NP)
    • Potulski, Jacek. Find
    • 9
    • KHW
    • 86306
700 -Hasło dodatkowe - nazwa osobowa [1, ]
    • a
    • Nazwa osobowa (NP)
    • Sadomski, Jacek. Find
    • 9
    • KHW
    • 10292
700 -Hasło dodatkowe - nazwa osobowa [1, ]
    • a
    • Nazwa osobowa (NP)
    • Sitarz, Olga. Find
    • 9
    • KHW
    • 81778
700 -Hasło dodatkowe - nazwa osobowa [1, ]
    • a
    • Nazwa osobowa (NP)
    • Śladkowski, Mariusz. Find
    • 9
    • KHW
    • 96043
700 -Hasło dodatkowe - nazwa osobowa [1, ]
    • a
    • Nazwa osobowa (NP)
    • Tkacz, Sławomir. Find
    • 9
    • KHW
    • 74640
700 -Hasło dodatkowe - nazwa osobowa [1, ]
    • a
    • Nazwa osobowa (NP)
    • Wasilewski, Piotr Find
    • c
    • Dopowiedzenie inne niż daty biograficzne (NP)
    • (prawo).
    • 9
    • KHW
    • 51590
710 -Hasło dodatkowe - nazwa ciała zbiorowego [2, ]
    • a
    • Nazwa ciała zbiorowego lub nazwa geograficzna jako pierwszy element (NP)
    • Wydawnictwo C.H. Beck.
    • 4
    • Kod relacji
    • pbl
    • 9
    • KHW
    • 52679
856 -Dostęp do wersji elektronicznej [4,1]
    • z
    • Uwaga
    • Dostęp dla autoryzowanych użytkowników
920 -ISBN [ , ]
    • a
    • ISBN
    • 978-83-255-8037-7 Find
920 -ISBN [ , ]
    • a
    • ISBN
    • 978-83-255-8038-4 Find
    • q
    • Dopowiedzenie
    • e-book
Data inwentaryzacji Lokalizacja Sygnatura Numer inwentarzowy Status udost.
2016-03-17BSASA.23826SA.23826-11